000 00509nam a22001817a 4500
005 20251108170704.0
008 250721s1974 xx 000 0 eng d
082 1 4 _aR/660.03/ANW
100 1 _aAbdel - Wahed, Anwar
245 1 0 _aTechnical Dictionary :
_bTechnical Chemistry English - French - German - Arabic /
264 1 _aCairo :
_bAl Ahram,
_c1974.
300 _a382p : ill , 3plates
650 1 7 _aChemistry
650 1 7 _aTechnical
650 1 7 _aDictionaries
942 _2ddc
_cREF
999 _c46647
_d46647